| 000 | 00680nam a2200205 a 4500 | ||
|---|---|---|---|
| 001 | 000043960 | ||
| 005 | 20201002045051.0 | ||
| 008 | 140512s1997 sp a r 001 0 spa d | ||
| 020 | _a8420652520 | ||
| 040 |
_aDO-SdBNP _bspa _cBNPHU |
||
| 082 |
_axxxx _bxxxx |
||
| 100 | 1 |
_aEdward Roberts _971903 |
|
| 245 | 1 | 0 |
_aDiccionario etimológico indoeuropeo de la lengua española / _cEdward Roberts, Bárbara Pastor ; prólogo Camilo José. |
| 260 |
_aMadrid : _bAlianza Diccionario, _c1997. |
||
| 300 |
_a360 p. ; _c25 cm. |
||
| 500 | _aSegunda reimpresión 1997 | ||
| 504 | _aBibliografía : p. 21-23 | ||
| 700 | 1 | 2 |
_aPastor, Bárbara _971904 |
| 700 | 1 | 2 |
_aJosé, Camilo, _epról. _971905 |
| 999 |
_c43449 _d43449 |
||